| 000 | 01121nam a22002777a 4500 | ||
|---|---|---|---|
| 005 | 20240530110439.0 | ||
| 008 | 150416s2011 ua g 000 0dara d | ||
| 017 |
_a2011/9994 _bمصر . دار الكتب المصرية |
||
| 020 | _a9789774218911 | ||
| 040 | _aEG-CaGPL | ||
| 082 | 0 | 4 |
_221 _a301\ _bف م |
| 100 | 1 |
_aفيبر ، ماكس _qماكس فيبر |
|
| 245 | 1 | 0 |
_aمفاهيم اساسية فى علم الاجتماع / _cتاليف ماكس فيبر ؛ ترجمة صلاح هلال ؛ مراجعة وتقديم محمد الجوهرى |
| 250 | _aط1 | ||
| 260 |
_aالقاهرة : _bالمركز القومى للترجمة ، _c2011 . |
||
| 300 |
_a99 ص ؛ _c24 سم |
||
| 490 | 0 |
_aالمشروع القومى للترجمة ؛ _v1675 |
|
| 650 | 0 | 4 |
_aالاجتماع _xعلم |
| 650 | 0 | 4 | _aالسلطة الدينية |
| 650 | 0 | 4 | _aالعلاقات الاجتماعية |
| 650 | 0 | 4 | _aالعادات والتقاليد |
| 700 | 0 |
_aصلاح هلال _eمترجم |
|
| 700 | 0 |
_aمحمد الجوهرى _eمراجع ومقدم |
|
| 942 |
_2ddc _cBK |
||
| 999 |
_c61007 _d61007 |
||